000 01083nam a2200313 4500
003 EG-GICUC
005 20260121101330.0
008 251122s1932 gw bd||fr|||| 00| 0 ger d
040 _aEG-GiCUC
_bger
_cEG-GiCUC
_dEG-GiCUC
_erda
041 _ager
082 0 4 _221
_a341.3
_bH A . J
092 0 4 _221
099 _aLaw1 11 341.3 H A . J 1932
100 1 _aHaushofer, Karl
_eAuthor.
245 1 0 _aJenseits der grossmächte :
_bergänzungsband zur neubearbeitung der grossmächte Rudolf Kjelléns /
_cUnder mitwirkung von W. Geisler, A. Grabowsky, H. Lautensach [u. a.].
264 1 _aLeipzig und Berlin :
_bB. G. Teubner,
_c1932.
300 _a519 pages ;
_bKarten/Grafiken ;
_c24 cm.
336 _2rda content
_atext
337 _2rda media
_aComputer
338 _2rda carrier
_aOnline Resource
546 _a Text in German
650 1 _aWorld politics.
_2qrmak
650 1 _aInternationale Beziehungen
651 1 _2qrmak
700 1 _aKjellén, Rudolf,
856 4 0 _uhttps://fll.law.cu.edu.eg/fulltext/bks/B11-05990.pdf
905 _a75
_eYara
942 _2ddc
_n0
_cBK
_e21
999 _c45263
_d45263